ARRUPE JESUIT UNIVERSITY

CORONAVIRUS -STOP THE SPREAD - CLEAN,DISINFECT,COVER

Living simply : (Record no. 121020)

MARC details
000 -LEADER
fixed length control field 00902cam a2200277 a 4500
001 - CONTROL NUMBER
control field 1370163
003 - CONTROL NUMBER IDENTIFIER
control field ARRUPE
005 - DATE AND TIME OF LATEST TRANSACTION
control field 20140930163521.0
008 - FIXED-LENGTH DATA ELEMENTS--GENERAL INFORMATION
fixed length control field 810512s1981 nyu b 000 0 eng
010 ## - LIBRARY OF CONGRESS CONTROL NUMBER
LC control number 81005834
020 ## - INTERNATIONAL STANDARD BOOK NUMBER
International Standard Book Number 0816423407
040 ## - CATALOGING SOURCE
Original cataloging agency DLC
Transcribing agency DLC
Modifying agency DLC
050 00 - LIBRARY OF CONGRESS CALL NUMBER
Classification number BV4501.2
Item number .L595
082 00 - DEWEY DECIMAL CLASSIFICATION NUMBER
Classification number 248.4/83
Edition number 19
300 ## - PHYSICAL DESCRIPTION
Dimensions 21 cm.
245 00 - TITLE STATEMENT
Title Living simply :
Remainder of title an examination of Christian lifestyles /
Statement of responsibility, etc edited by David Crean and Eric and Helen Ebbeson.
260 ## - PUBLICATION, DISTRIBUTION, ETC. (IMPRINT)
Place of publication, distribution, etc New York :
Name of publisher, distributor, etc Seabury Press,
Date of publication, distribution, etc 1981.
300 ## - PHYSICAL DESCRIPTION
Extent x, 102 p. ;
504 ## - BIBLIOGRAPHY, ETC. NOTE
Bibliography, etc Includes bibliographical references.
650 #0 - SUBJECT ADDED ENTRY--TOPICAL TERM
Topical term or geographic name as entry element Christian life
General subdivision Anglican authors.
9 (RLIN) 11874
650 #0 - SUBJECT ADDED ENTRY--TOPICAL TERM
Topical term or geographic name as entry element Simplicity
General subdivision Religious aspects.
9 (RLIN) 11875
700 1# - ADDED ENTRY--PERSONAL NAME
Personal name Crean, David.
9 (RLIN) 11876
700 1# - ADDED ENTRY--PERSONAL NAME
Personal name Ebbeson, Eric.
9 (RLIN) 11877
700 1# - ADDED ENTRY--PERSONAL NAME
Personal name Ebbeson, Helen.
9 (RLIN) 11878
906 ## - LOCAL DATA ELEMENT F, LDF (RLIN)
a 7
b cbc
c orignew
d 1
e ocip
f 19
g y-gencatlg
942 ## - ADDED ENTRY ELEMENTS (KOHA)
Source of classification or shelving scheme Library of Congress Classification
Koha item type Monograph ( Printed materials)
Holdings
Withdrawn status Lost status Source of classification or shelving scheme Damaged status Not for loan Collection code Home library Current library Shelving location Date acquired Total Checkouts Full call number Barcode Date last seen Price effective from Koha item type
    Library of Congress Classification     Main Collection ARRUPE LIBRARY ARRUPE LIBRARY Main Collection 30/09/2014   BV501.2.L595 46500003882 24/01/2017 30/09/2014 Monograph ( Printed materials)

 

Arrupe Library. PO Box MP320 Mt Pleasant, Harare, Zimbabwe
263 242 745411|librarian@aju.ac.zw